00464nam a2200145 a 450000100100000000500170001000800410002704000250006810000170009324500960011024600300020626000450023630000200028170000170030100002375820200930022438.0110113s2001 dr a 001 0 spa d aDO-SdBNPbspacBNPHU1 aPoissant, C.13aLa mejor manera de hacerse rico :bhacer lo que a uno le gusta /cC. Poissant, C. Godefroy.14aCómo llegar a ser rico? aSanto Domingo :bEditora Collada,c2001. a62 p. ;c21 cm.1 aGodefroy, C.